|
|
|
|
| LEADER |
00000naa2a2200000 4500 |
| 001 |
622827 |
| 005 |
20241029105133.0 |
| 035 |
|
|
|a (RuTPU)RU\TPU\conf\21643
|
| 035 |
|
|
|a RU\TPU\conf\21642
|
| 090 |
|
|
|a 622827
|
| 100 |
|
|
|a 20170711d2017 k y0rusy50 ca
|
| 101 |
0 |
|
|a rus
|
| 102 |
|
|
|a RU
|
| 105 |
|
|
|a y z 101zy
|
| 135 |
|
|
|a drgn ---uucaa
|
| 181 |
|
0 |
|a i
|
| 182 |
|
0 |
|a b
|
| 200 |
1 |
|
|a О возможности плазмодинамического синтеза оксида алюминия
|f А. И. Циммерман, Ю. Л. Шаненкова, М. И. Гуков
|g науч. рук. А. А. Сивков
|
| 203 |
|
|
|a Текст
|c электронный
|
| 225 |
1 |
|
|a Химия и химическая технология неорганических веществ и материалов
|
| 300 |
|
|
|a Заглавие с экрана
|
| 320 |
|
|
|a [Библиогр.: с. 106-107 (10 назв.)]
|
| 463 |
|
0 |
|0 (RuTPU)RU\TPU\conf\21448
|t Химия и химическая технология в XXI веке
|o материалы XVIII Международной научно-практической конференции студентов и молодых ученых имени профессора Л.П. Кулёва, 29 мая-1 июня 2017 г., г. Томск
|f Национальный исследовательский Томский политехнический университет (ТПУ) ; Институт природных ресурсов (ИПР) ; Институт физики высоких технологий (ИФВТ) ; Физико-технический институт (ФТИ)
|v [С.106-107]
|d 2017
|
| 610 |
1 |
|
|a труды учёных ТПУ
|
| 610 |
1 |
|
|a электронный ресурс
|
| 610 |
1 |
|
|a нанокристаллические материалы
|
| 610 |
1 |
|
|a оксид алюминия
|
| 610 |
1 |
|
|a плазмодинамический синтез
|
| 610 |
1 |
|
|a магнитоплазменные ускорители
|
| 610 |
1 |
|
|a плазмохимические реакции
|
| 700 |
|
1 |
|a Циммерман
|b А. И.
|c специалист в области электроэнергетики
|c инженер Томского политехнического университета
|f 1996-
|g Александр Игоревич
|3 (RuTPU)RU\TPU\pers\46725
|9 22361
|
| 701 |
|
1 |
|a Шаненкова
|b Ю. Л.
|c специалист в области электроэнергетики
|c доцент Томского политехнического университета, кандидат технических наук
|f 1991-
|g Юлия Леонидовна
|3 (RuTPU)RU\TPU\pers\34117
|9 17657
|
| 701 |
|
1 |
|a Гуков
|b М. И.
|
| 702 |
|
1 |
|a Сивков
|b А. А.
|c специалист в области электроэнергетики
|c профессор Томского политехнического университета, доктор технических наук
|f 1951-
|g Александр Анатольевич
|4 727
|
| 712 |
0 |
2 |
|a Национальный исследовательский Томский политехнический университет (ТПУ)
|b Энергетический институт (ЭНИН)
|b Кафедра электроснабжения промышленных предприятий (ЭПП)
|3 (RuTPU)RU\TPU\col\18676
|
| 801 |
|
2 |
|a RU
|b 63413507
|c 20210118
|g RCR
|
| 856 |
4 |
|
|u http://earchive.tpu.ru/handle/11683/41708
|
| 942 |
|
|
|c BK
|